Musical Era by Composer - Statistics

General Stats
  • This quiz has been taken 62 times
  • The average score is 13 of 19
Answer Stats
Composer Era % Correct
Johann Sebastian Bach Baroque
100%
Ludwig van Beethoven Classical
94%
Frédéric Chopin Romantic
90%
Johannes Brahms Romantic
86%
Wolfgang Amadeus Mozart Classical
82%
Antonio Vivaldi Baroque
78%
Franz Joseph Haydn Classical
78%
Georg Friedrich Händel Baroque
76%
Franz Liszt Romantic
76%
Felix Mendelssohn Romantic
76%
Franz Schubert Romantic
76%
Robert Schumann Romantic
73%
Georg Philipp Telemann Baroque
67%
Carl Maria von Weber Romantic
59%
Claude Debussy Impressionism
57%
Some Troubadours Medieval
53%
Some Minnesänger Medieval
45%
Some Greek/Roman Guys Ancient
43%
Giovanni Pierluigi da Palestrina Renaissance
41%
No matching quizzes found
Score Distribution
Percent of People with Each Score
Percentile by Number Answered
Your Score History
You have not taken this quiz